000 00334nam a2200133Ia 4500
008 240624s9999 xx 000 0 und d
041 _aeng
082 _a332.672 CHA
100 _aCHARLTON ROGER
245 _aPENSIONS IN DEVELOPMENT
260 _c2001
_aSingapore
_bAshgate
300 _axxiii, : 361 : p. : cm. ; 22
365 _c
_b25
999 _c22096
_d22096